00494nam a2200181 a 450000100060000000300090000600800410001504000280005608200150008410000350009924500290013430000190016365000260018265000260020865000250023465000290025965000240028812269CO-ViMGA141112s2004 ck r 000 u spa d aCO-ViMGAbspacCO-ViMGA04a745.5 F85s1 aFundacion Banco de Maracaibo, 10a7 maestros, 7 materiales asin paginacion14aARTESANIAS - COLOMBIA14aARTESANIAS - PITALITO14aARTESANIAS - RAQUIRA14aARTESANIAS - SAN JACINTO14aARTESANIAS - TOLIMA